| 000 | 00000nam##2200000za#4500 |
| 001 | 9.642964 |
| 003 | CaOODSP |
| 005 | 20210624223942 |
| 007 | cr ||||||||||| |
| 008 | 150407|2007||||xxc|||||o f|0| 0 fre|d |
| 040 | |aCaOODSP|bfre |
| 043 | |an-cn--- |
| 086 | 1 |aCH6-16/2007F-PDF |
| 110 | 1 |aCanada. |bPatrimoine canadien. |
| 245 | 10|aRapport de vérification du programme Échanges Canada / |h[ressource électronique]|c[publié par la] Direction des services d'assurance, Direction générale des examens ministeriels. |
| 260 | |aOttawa - Ontario : |bPatrimoine canadien |cMars 2007. |
| 300 | |a21p.|btableaux |
| 590 | |a14-06-Supp|b2014-03-21 |
| 775 | 08|tAudit report of the Interchange Canada Program / |w(CaOODSP)9.698968 |
| 856 | 40|ahttp://publications.gc.ca|qPDF|s211 Ko|uhttps://publications.gc.ca/collections/collection_2014/pc-ch/CH6-16-2007-fra.pdf |